00402nam a2200121Ia 4500008004100000100001800041245004100059245003800100260000900138856004100147999001900188952007300207160531s9999 xx 000 0 und d aKleyn, Aleks. aOrthonormal Basis in Minkowski Space cby Aleks Kleyn, Alexandre Laugier c2012 uhttp://arxiv.org/pdf/1201.4158v1.pdf c295128d295128 001040aCLbCLd2016-05-31l0r2016-05-31 00:00:00w2016-05-31yCBE